| Tag |
First Indicator |
Second Indicator |
Subfields |
| LEADER |
00000cam a2200000Ii 4500 |
| 001 |
in00002816366 |
| 005 |
20151202173120.0 |
| 008 |
120928s2013 mdu b 001 0 eng d |
| 010 |
|
|
|a 2012949095
|
| 020 |
|
|
|a 0761860150 (paperback : alk. paper)
|
| 020 |
|
|
|a 9780761860150 (paperback : alk. paper)
|
| 035 |
|
|
|a (OCoLC)ocn811410935
|
| 040 |
|
|
|a YDXCP
|c YDXCP
|d BWX
|e rda
|d CUV
|d UtOrBLW
|
| 049 |
|
|
|a TXAM
|
| 050 |
|
4 |
|a HM1251
|b .H84 2013
|
| 100 |
1 |
|
|a Huer, Jon,
|e author.
|
| 245 |
1 |
0 |
|a Call from the cave :
|b our cruel nature and quest for power /
|c Jon Huer.
|
| 246 |
3 |
0 |
|a Our cruel nature and quest for power
|
| 264 |
|
1 |
|a Lanham, Maryland :
|b Hamilton Books,
|c [2013]
|
| 300 |
|
|
|a xix, 510 pages ;
|c 23 cm.
|
| 336 |
|
|
|a text
|b txt
|2 rdacontent
|
| 337 |
|
|
|a unmediated
|b n
|2 rdamedia
|
| 338 |
|
|
|a volume
|b nc
|2 rdacarrier
|
| 504 |
|
|
|a Includes bibliographical references and index.
|
| 520 |
|
|
|a This book explores the nature of power in persons, groups and nations by asking a question that we can understand in contemporary terms. What would Bill Gates do if he had Hitler's absolute power? It is a sociological question that exposes power as a tool of control over the powerless, not as a psychological trait or manners of personal interactions. With Hitler's power, any individual, group, or nation could become as crazy as Hitler or as cruel as the Nazis. Call from the Cave argues that the savage struggle for power, exemplified in the free market system of America, history's first and purest "natural" society, is in our very human nature. In the footsteps of the ancient Romans and the recent Nazis, we push on in every waking moment of our lives to expand our power and to control the souls and minds of other human beings to do our bidding. The book concludes that this is the very destiny of humanity we cannot escape.
|
| 650 |
|
0 |
|a Authority.
|
| 650 |
|
0 |
|a Political psychology.
|
| 650 |
|
0 |
|a Political sociology.
|
| 945 |
|
|
|a PromptCat
|b 186323
|
| 946 |
|
|
|a stk
|
| 947 |
|
|
|a A14835942682
|
| 948 |
|
|
|a cataloged
|b h
|c 2013/2/4
|d c
|e dmitchel
|f 8:44:18 am
|
| 994 |
|
|
|a 92
|b TXA
|
| 999 |
|
|
|a MARS
|
| 999 |
f |
f |
|s b7c6b252-b5ca-31f7-961c-8b1408d529ff
|i 311a3e19-4a32-3de1-8fef-8b115e7e03d0
|t 0
|
| 952 |
f |
f |
|p ric
|a Texas A&M University
|b Rellis Campus
|c Joint Library Facility
|d Remote Storage
|t 0
|e HM1251 .H84 2013
|h Library of Congress classification
|i unmediated -- volume
|m A14835942682
|
| 998 |
f |
f |
|a HM1251 .H84 2013
|t 0
|l Remote Storage
|